Vista normal
Vista MARC
Entrada Corporate Name
Número de registros utilizados en: 2
001 - CONTROL NUMBER
- control field: 2427
003 - CONTROL NUMBER IDENTIFIER
- control field: OSt
005 - DATE AND TIME OF LATEST TRANSACTION
- control field: 20130612180656.0
008 - FIXED-LENGTH DATA ELEMENTS
- fixed length control field: 130612|||a|||||| | ||| d
040 ## - CATALOGING SOURCE
- Original cataloging agency: OSt
- Transcribing agency: OSt
110 ## - HEADING--CORPORATE NAME
- Corporate name or jurisdiction name as entry element: UNICEF
670 ## - SOURCE DATA FOUND
- Source citation: Work cat.: (OSt): Organizacion Mundial de la Salud 1006, Reduccion de la mortalidad materna, 1999